<?xml version="1.0" encoding="UTF-8"?><?xml-stylesheet type="text/xsl" href="static/style.xsl"?><OAI-PMH xmlns="http://www.openarchives.org/OAI/2.0/" xmlns:xsi="http://www.w3.org/2001/XMLSchema-instance" xsi:schemaLocation="http://www.openarchives.org/OAI/2.0/ http://www.openarchives.org/OAI/2.0/OAI-PMH.xsd"><responseDate>2026-06-05T12:50:29Z</responseDate><request verb="GetRecord" identifier="oai:riuma.uma.es:10630/13690" metadataPrefix="marc">https://riuma.uma.es/rest/oai/request</request><GetRecord><record><header><identifier>oai:riuma.uma.es:10630/13690</identifier><datestamp>2026-02-03T12:27:46Z</datestamp><setSpec>com_10630_2254</setSpec><setSpec>col_10630_37959</setSpec></header><metadata><record xmlns="http://www.loc.gov/MARC21/slim" xmlns:dcterms="http://purl.org/dc/terms/" xmlns:doc="http://www.lyncode.com/xoai" xmlns:xsi="http://www.w3.org/2001/XMLSchema-instance" xsi:schemaLocation="http://www.loc.gov/MARC21/slim http://www.loc.gov/standards/marcxml/schema/MARC21slim.xsd">
   <leader>00925njm 22002777a 4500</leader>
   <datafield ind2=" " ind1=" " tag="042">
      <subfield code="a">dc</subfield>
   </datafield>
   <datafield ind2=" " ind1=" " tag="720">
      <subfield code="a">Montiel Rozas, María del Mar</subfield>
      <subfield code="e">author</subfield>
   </datafield>
   <datafield ind2=" " ind1=" " tag="260">
      <subfield code="c">2017-05-19</subfield>
   </datafield>
   <datafield ind2=" " ind1=" " tag="520">
      <subfield code="a">A nivel global, la contaminación de los suelos es uno de los mayores problemas ambientales. La degradación del suelo lleva aparejada la alteración de las comunidades vegetales y microbiológicas y, por tanto, de la funcionalidad del ecosistema. &#xd;
   Entre las diversas técnicas de recuperación existentes, la fitorremediación surge como la opción más respetuosa con el medio ambiente a la vez que económica. Sin embargo, ¿son estas técnicas realmente eficaces? Y, si lo son, ¿durante cuánto tiempo? &#xd;
   Para responder a estas cuestiones pueden utilizarse bioindicadores debido a su sensibilidad a los cambios producidos por actividades humanas. Entre ellos, ¿las micorrizas arbusculares pueden ser una opción adecuada? &#xd;
   En esta charla se abordará si estos microorganismos pueden proporcionarnos suficiente información del estado de recuperación de un suelo contaminado y si el análisis de estas comunidades podría emplearse como indicador de la eficacia de la fitorrecuperación.</subfield>
   </datafield>
   <datafield ind1="8" ind2=" " tag="024">
      <subfield code="a">http://hdl.handle.net/10630/13690</subfield>
   </datafield>
   <datafield tag="653" ind2=" " ind1=" ">
      <subfield code="a">Ecología vegetal</subfield>
   </datafield>
   <datafield ind2="0" ind1="0" tag="245">
      <subfield code="a">Micorrizas arbusculares: indicadores clave de la eficacia de las fitotecnologías de remediación a largo plazo.</subfield>
   </datafield>
</record>
</metadata></record></GetRecord></OAI-PMH>